00531nam a22001817a 450000500170000001000150001702000260003203500140005803700140007208200060008610000260009224500720011826000360019027000540022630000210028050000250030170000230032620180703113544.0 aENG-123357 a9789386338846c299.00 aEN-106889 bDBAD/PUB. aN aKambar, Chandrasekhar aShiva's drum /cby Kambar, Chandrasekhar; trns. by Krishna Manvalli aNew DelhibSpeaking Tigerc2017 a4381/4, Ansari Road, DaryaganjbNew Delhie110002 a269p.b21cm(pbk) aIt includes glossary a Manvalli, Krishna